States that smoke the most pot - Statistics

General Stats
  • This quiz has been taken 26 times
  • The average score is 12 of 14
Answer Stats
Rate Answer % Correct
16.29% Alaska
100%
12.88% California
100%
12.83% New York
100%
12.84% Washington
95%
14.45% Oregon
90%
15.09% Colorado
86%
13.56% Maine
86%
14.32% Rhode Island
86%
14.55% Massachusetts
81%
14.88% New Hampshire
81%
15.97% Vermont
81%
12.53% Connecticut
71%
12.16% Michigan
62%
12.21% Montana
43%
No matching quizzes found
Score Distribution
Percent of People with Each Score
Percentile by Number Answered
Your Score History
You have not taken this quiz